000
00235nmm a2200085Ia 4500
008
220120s9999||||xx |||||||||||||||||und||
100
_a
LFY
_9
10674
245
0
_a
World of 3D ; best of opensource software for 3D modeling ve
260
_c
2006
999
_c
138589
_d
138589